Loading...
| Religion | 0 | 6 | 1 | 0 | 55 | 45 | 94.00 | 0 | 3 |
| History - European History | 0 | 5 | 0 | 0 | 50 | 37 | 84.80 | 1 | 1 |
| History - World History | 0 | 7 | 4 | 0 | 50 | 96 | 109.57 | 0 | 2 |
| History - Other History | 0 | 6 | 4 | 1 | 40 | 37 | 97.67 | 1 | 1 |
| Mythology | 0 | 3 | 0 | 0 | 30 | 90 | 122.00 | 0 | 0 |
| Other Academic | 0 | 2 | 0 | 0 | 20 | 100 | 101.50 | 0 | 2 |
| History - American History | 0 | 2 | 1 | 0 | 15 | 114 | 123.00 | 0 | 0 |
| Fine Arts - Painting & Sculpture | 0 | 2 | 1 | 0 | 15 | 126 | 129.50 | 0 | 0 |
| Current Events | 0 | 2 | 1 | 0 | 15 | 92 | 107.00 | 0 | 1 |
| Literature - World Literature | 0 | 1 | 0 | 0 | 10 | 152 | 152.00 | 0 | 0 |
| Geography | 0 | 2 | 2 | 0 | 10 | 87 | 101.50 | 0 | 0 |
| Philosophy | 0 | 1 | 0 | 0 | 10 | 123 | 123.00 | 0 | 0 |
| Science - Other Science | 0 | 1 | 0 | 0 | 10 | 115 | 115.00 | 0 | 0 |
| Science - Biology | 0 | 1 | 1 | 0 | 5 | 116 | 116.00 | 0 | 0 |
| Social Science | 0 | 1 | 1 | 1 | 5 | 145 | 145.00 | 0 | 0 |
| Literature - European Literature | 0 | 1 | 2 | 1 | 0 | 169 | 169.00 | 0 | 0 |